Mariano Marcos State University

University Library System

Effect of fermented fruit juice concentration as foliar fertilizer supplement on the growth and yield of green chili pepper (Capsicum annuum var. longum) / (Record no. 24282)

MARC details
000 -LEADER
fixed length control field 01946nam a22001817a 4500
003 - CONTROL NUMBER IDENTIFIER
control field OSt
005 - DATE AND TIME OF LATEST TRANSACTION
control field 20250813160549.0
008 - FIXED-LENGTH DATA ELEMENTS--GENERAL INFORMATION
fixed length control field 241209b |||||||| |||| 00| 0 eng d
040 ## - CATALOGING SOURCE
Original cataloging agency MMSU
Transcribing agency ULS
100 ## - MAIN ENTRY--PERSONAL NAME
Personal name Quimoyog, Kyla Mae
245 ## - TITLE STATEMENT
Title Effect of fermented fruit juice concentration as foliar fertilizer supplement on the growth and yield of green chili pepper (Capsicum annuum var. longum) /
Statement of responsibility, etc. Kyla Mae Quimoyog
260 ## - PUBLICATION, DISTRIBUTION, ETC.
Place of publication, distribution, etc. City of Batac :
Name of publisher, distributor, etc. MMSU,
Date of publication, distribution, etc. 2024.
300 ## - PHYSICAL DESCRIPTION
Extent xiii, 67 leaves :
Dimensions 29 cm.
500 ## - GENERAL NOTE
General note Thesis (BS in Agriculture -Major in Horticulture) -- Mariano Marcos State University-College of Agriculture, Food and Sustainable Development, Batac City
504 ## - BIBLIOGRAPHY, ETC. NOTE
Bibliography, etc. note Bibliography : leaves 40-44
520 ## - SUMMARY, ETC.
Summary, etc. The field experiment was conducted on the use of Fermented Fruit Juice at <br/>different concentration applied to green chilli pepper at the Mariano Marcos State <br/>University-College of Agriculture Food and Sustainable Development from <br/>December to April 2024. It was conducted to: (1) evaluate the growth and yield <br/>performance of green chili pepper applied with FFJ; (2) identify the optimum <br/>concentration of FFJ3 that will induce flowering; and (3) determine the cost and <br/>return analysis of green chilli pepper applied with FFJ. <br/>The study involved a field experiment covering a total of 276 m2. Each plot <br/>size measures 3m x 5m (15 m2) with 1.5 m space between plots and 1.0 m space <br/>between blocks. The treatments (No FFJ application, 5%, 10% and 15% FFJ) were <br/>laid out in a Randomized Complete Block Design (RCBD) with three replications. <br/>Findings of the study reveals no significant differences on the different FFJ <br/>concentration on growth and yield performance of green chilli pepper. The tested <br/>concentrations do not significantly impact any of the growth and yield parameters. <br/>Nevertheless, no application FFJ provided higher net income and return of <br/>investment.
942 ## - ADDED ENTRY ELEMENTS (KOHA)
Source of classification or shelving scheme
Koha item type Thesis/Dissertation
Holdings
Withdrawn status Lost status Source of classification or shelving scheme Damaged status Not for loan Home library Current library Shelving location Date acquired Inventory number Total Checkouts Barcode Date last seen Price effective from Koha item type Public note
          MMSU Main Library MMSU Main Library Theses and Dissertation Section 12/09/2024 7501   UTHESIS-7501 12/09/2024 12/09/2024 Thesis/Dissertation Room Use Only

© 2023 Mariano Marcos State University. All Rights Reserved.

Powered by Koha